WinBase602 : Příručka programátora a správce

Saved in:
Bibliographic Details
Format: Book
Language:Czech
Published: b.m. : Software602, [1996]
Subjects:
Tags: Add Tag
No Tags, Be the first to tag this record!

MARC

LEADER 00000nam a22000003a 4500
001 stu45480
005 20150408180300.5
008 960911s1996----cs------------------cze-d
040 |a STU  |b slo 
041 0 |a cze 
044 |a cs 
080 |a 519.682 
245 |a WinBase602 :  |b Příručka programátora a správce 
260 |a b.m. :  |b Software602,  |c [1996] 
300 |a 330 s 
650 7 |a Jazyky programovacie:WinBase602  |2 stusub 
650 7 |a WinBase602  |2 stusub 
650 7 |a jazyky programovacie  |2 stusub 
996 |b 284M025448  |c M*9396/3-1  |l MMKN  |s A  |a 24  |w stu45480_0001